| 000 | 00520nam a2200157Ia 4500 | ||
|---|---|---|---|
| 008 | 151021s9999 xx 000 0 und d | ||
| 020 | _a393320820 | ||
| 050 | _aHD 75.6.S734 2001 | ||
| 245 | _a_State of the world 2001 a World watch Institute Report on Progress Toward a Sustainable Society/ ty Lester R. Brown | ||
| 260 | _aNew York : W.w. Norton , 2001 | ||
| 300 | _axx,275 p. | ||
| 500 | _aIncludes index | ||
| 500 | _aIncludes index | ||
| 650 | _a_State of the world | ||
| 980 | _a^d20130506 12:38:58^oanne | ||
| 999 |
_c13027 _d13027 |
||